00423 a2200157 4500003000400000005001700004008004100021020001400062040000900076082002100085100002000106245006500126250001700191260004200208300001500250OSt20231204143702.0220702b ||||| |||| 00| 0 eng d a819044109 coclc a570.15195bKHA/F1 aKhan, Irfan Ali aFundamentals of Biostatistics /cKhan and Khanum, Shiba Khan a6th rev. ed. aHyderabad:bUkaaz Publications,c2020 a1020 pages